[Event "13sen.WMH 2003 Senioren"]
[Site "Bad Zwischenahn(17.11.-29.11.2003)"]
[Date "2003.11.29"]
[Round "11.105"]
[White "Petzold, Rolf"]
[Black "Marquardt, Rolf"]
[Result "0-1"]
[WhiteElo "1639"]
[BlackElo "1774"]
[PlyCount "128"]


1. d4 Nf6 2. Nf3 d5 3. c4 e6 4. Nc3 c6 5. Bf4 Nbd7 6. e3 Be7 7. Qc2 O-O 8. Bd3
Re8 9. Ne5 Nf8 10. O-O Nh5 11. Ne2 Nxf4 12. Nxf4 f6 13. Nf3 Bd6 14. cxd5 exd5
15. Ne2 Bg4 16. Nd2 Bh5 17. Ng3 Bxg3 18. hxg3 Bg6 19. Rab1 Qd7 20. b4 a6 21.
Nb3 Bxd3 22. Qxd3 Qe7 23. Qc3 Nd7 24. Rb2 Nb6 25. Rc2 Nc4 26. a4 Rad8 27. a5
Na3 28. Re2 Nb5 29. Qc5 Nd6 30. Nd2 Qd7 31. Rfe1 Qg4 32. Qc2 Qd7 33. Qb3 Kh8
34. Qd3 g6 35. f3 f5 36. Kf2 Qf7 37. Kg1 Qf6 38. Kf2 Re6 39. Kg1 Rde8 40. Nb3
R6e7 41. Nd2 Kg7 42. Nf1 Nb5 43. Nd2 Qd6 44. f4 Qxb4 45. Nf3 Qxa5 46. Ne5 Qc7
47. g4 Nd6 48. gxf5 Nxf5 49. g4 Ng3 50. Rg2 Ne4 51. Rf1 Rf8 52. Qe2 Re6 53. Qf3
a5 54. Qh3 Kh8 55. Rh2 Qg7 56. Rb1 b5 57. Rc2 Qb7 58. Rbc1 Rc8 59. f5 gxf5 60.
gxf5 Rg8+ 61. Kh2 Rf6 62. Nxc6 Rxc6 63. Rxc6 Qb8+ 64. Rc7 Rg7 0-1

[Event "13sen.WMH 2003 Senioren"]
[Site "Bad Zwischenahn(17.11.-29.11.2003)"]
[Date "2003.11.29"]
[Round "11.106"]
[White "Simon, Eberhard[30Berlin]"]
[Black "Brandt, Fred"]
[Result "1/2-1/2"]
[WhiteElo "1773"]
[BlackElo "1641"]
[PlyCount "92"]


1. e4 e5 2. Nf3 Nf6 3. Nxe5 d6 4. Nxf7 Kxf7 5. d4 Qe7 6. Nc3 g6 7. Bd3 Nc6 8.
Bc4+ Kg7 9. O-O Be6 10. Bxe6 Qxe6 11. d5 Qd7 12. dxc6 Qxc6 13. Nd5 Nxd5 14.
exd5 Qd7 15. Qd4+ Kg8 16. Re1 Bg7 17. Qe4 Bf6 18. c3 Kg7 19. Qf4 Rhf8 20. Be3
Be5 21. Qh4 Rf5 22. Bd4 Re8 23. Re3 Qf7 24. c4 Rf8 25. f3 Rf4 26. Bxe5+ dxe5
27. Qe1 Rxc4 28. Rxe5 Kg8 29. Rd1 Qf6 30. Qe2 Rc2 31. Qxc2 Qxe5 32. Qc3 Qd6 33.
Qe3 Rf7 34. Qe8+ Kg7 35. Qe4 Re7 36. Qd4+ Kf7 37. Qh8 Qc5+ 38. Kh1 Qc2 39.
Qxh7+ Ke8 40. Qh8+ Kd7 41. Qd4 Re2 42. Qg4+ Kd8 43. Qg5+ Kd7 44. Qg4+ Kd8 45.
Qh4+ Kd7 46. Qg4+ Kd8 1/2-1/2

[Event "13sen.WMH 2003 Senioren"]
[Site "Bad Zwischenahn(17.11.-29.11.2003)"]
[Date "2003.11.29"]
[Round "11.107"]
[White "Grabara, Manfred"]
[Black "Heimberg, Guenter"]
[Result "1/2-1/2"]
[WhiteElo "1741"]
[BlackElo "1667"]
[PlyCount "162"]


1. f4 d5 2. e3 Nf6 3. b3 Bg4 4. Nf3 e6 5. Bb2 Nbd7 6. Be2 Ne4 7. O-O Bxf3 8.
Bxf3 Nef6 9. a4 Be7 10. Qe2 a6 11. d4 O-O 12. Qd3 c6 13. c4 Nb6 14. c5 Nbd7 15.
a5 Ne8 16. b4 f5 17. g4 fxg4 18. Bxg4 Rf6 19. Kh1 g6 20. Nc3 Ng7 21. e4 Nf8 22.
Rae1 Qc7 23. Bc1 Re8 24. Qg3 Qd8 25. e5 Rf7 26. Re2 Bh4 27. Qd3 Nf5 28. Bxf5
exf5 29. Rg2 Rg7 30. Be3 Ne6 31. Ne2 Rf8 32. Bf2 Kh8 33. Qh3 Bxf2 34. Rfxf2 Qe7
35. Qh6 Kg8 36. Rf3 Kf7 37. h4 Ke8 38. Kh2 Rfg8 39. Rfg3 Qf7 40. Rh3 Kd7 41.
Kg1 Ke7 42. Kf2 Kd7 43. Ke3 Ke7 44. Rg1 Kd7 45. Nc3 Ke7 46. Na4 Kd7 47. Rhg3
Qf8 48. Nb6+ Kd8 49. Kd3 Rf7 50. Qxf8+ Rgxf8 51. Ke3 Rg8 52. Na4 Rfg7 53. Nc3
h6 54. Ne2 Ke7 55. R3g2 Kf7 56. Kf2 Ke7 57. Ng3 Kf7 58. Ne2 Ke7 59. Ke3 Kf7 60.
Kd3 Ke7 61. Rf2 Kf7 62. Rf3 Ke7 63. Rh3 h5 64. Rg2 Kf7 65. Ke3 Nf8 66. Ng1 Ne6
67. Nf3 Ke7 68. Rhg3 Kf7 69. Rh3 Ke7 70. Nd2 Kf7 71. Nb1 Ke7 72. Nc3 Kf7 73.
Na4 Ke7 74. Nb6 Kd8 75. Na8 Nf8 76. Nb6 Ne6 77. Na4 Ke7 78. Nc3 Nf8 79. Nb1 Ne6
80. Nd2 Kf7 81. Nf3 Ke7 1/2-1/2

[Event "13sen.WMH 2003 Senioren"]
[Site "Bad Zwischenahn(17.11.-29.11.2003)"]
[Date "2003.11.29"]
[Round "11.108"]
[White "Grassmehl, Gerhard"]
[Black "Becker, Karl-Heinz[31Köln]"]
[Result "1-0"]
[WhiteElo "1721"]
[BlackElo "1534"]
[PlyCount "105"]


1. d4 d5 2. c4 e6 3. Nf3 Nf6 4. Nc3 c6 5. Bg5 Be7 6. e3 Nbd7 7. Bd3 dxc4 8.
Bxc4 Nd5 9. Bxe7 Nxe7 10. O-O b5 11. Bd3 Nf6 12. Rc1 Bb7 13. Ne4 Nxe4 14. Bxe4
Nd5 15. Ne5 Rc8 16. a3 Qg5 17. f4 Qh6 18. Ng4 Qh4 19. g3 Qe7 20. Qd3 f5 21.
Bxd5 fxg4 22. Be4 g6 23. Rc5 O-O 24. Rfc1 Qe8 25. Qc2 Rf5 26. Bxf5 exf5 27. Re5
Qf7 28. b3 Rc7 29. Rxb5 Ba6 30. Re5 Rc8 31. b4 Bb7 32. Ra5 a6 33. Rc5 Qe6 34.
Re5 Qf7 35. Qc4 Qxc4 36. Rxc4 Kf7 37. a4 Re8 38. Rcc5 Re6 39. d5 Rd6 40. dxc6
Bxc6 41. b5 Rd1+ 42. Kf2 Bd7 43. Ke2 Rd6 44. Rc7 axb5 45. axb5 Kf6 46. b6 Ba4
47. b7 Rb6 48. Rd5 Ke6 49. Rd8 Rb2+ 50. Kd3 Rb3+ 51. Kd4 Rb4+ 52. Kc5 Rb1 53.
b8=Q 1-0

[Event "13sen.WMH 2003 Senioren"]
[Site "Bad Zwischenahn(17.11.-29.11.2003)"]
[Date "2003.11.29"]
[Round "11.109"]
[White "Becker, Guenter[40Steinb]"]
[Black "Smits, Oswald"]
[Result "1-0"]
[WhiteElo "1669"]
[BlackElo "1644"]
[PlyCount "83"]


1. c4 Nf6 2. Nc3 e6 3. e4 Bb4 4. e5 Ng8 5. Qg4 g6 6. d4 h6 7. Bd3 Qe7 8. Nge2
Nc6 9. a3 Bxc3+ 10. Nxc3 a6 11. O-O b6 12. Re1 Bb7 13. d5 Na5 14. Bc2 b5 15.
cxb5 exd5 16. b3 Qe6 17. Qb4 axb5 18. Nxb5 Qc6 19. Nd4 Qb6 20. Qxb6 cxb6 21.
Nb5 Ke7 22. Be3 Rb8 23. Bxb6 Ba6 24. Bc5+ Kd8 25. Nd6 Kc7 26. Nxf7 Nxb3 27.
Bd6+ Kc8 28. Bxb8 Nxa1 29. Nxh8 Nxc2 30. Rc1 Kxb8 31. Rxc2 Ne7 32. Nf7 h5 33.
Nd6 Nc6 34. f4 d4 35. Rb2+ Kc7 36. Nb5+ Kd8 37. Kf2 Ke7 38. Ke1 Bc8 39. Kd2 Ke6
40. Kd3 Ba6 41. Ke4 d3 42. Nc7+ 1-0

[Event "13sen.WMH 2003 Senioren"]
[Site "Bad Zwischenahn(17.11.-29.11.2003)"]
[Date "2003.11.29"]
[Round "11.110"]
[White "Bartle, Georg"]
[Black "Schulz, Hermann[35Uelzen]"]
[Result "1-0"]
[WhiteElo "1682"]
[BlackElo "1584"]
[PlyCount "125"]


1. b4 e5 2. Bb2 d6 3. c4 Nf6 4. e3 Be7 5. Nf3 Bg4 6. Be2 Nbd7 7. O-O O-O 8. Nc3
c6 9. a3 Re8 10. d3 Rc8 11. Ng5 Bxe2 12. Qxe2 h6 13. Nge4 d5 14. Ng3 Bf8 15.
Qf3 e4 16. dxe4 Ne5 17. Qe2 Nxc4 18. exd5 Nxb2 19. Qxb2 cxd5 20. Rfd1 Qd7 21.
Rd4 Rc4 22. Rad1 Rec8 23. Rxc4 Rxc4 24. Qd2 Qc6 25. Nxd5 Nxd5 26. Qxd5 Qxd5 27.
Rxd5 Rc3 28. Rd7 Rxa3 29. Rxb7 Bd6 30. Nf1 Ra4 31. b5 Bc5 32. g3 Bb6 33. Nd2
Rb4 34. Kg2 Rxb5 35. Nc4 f6 36. Nd6 Re5 37. Nc8 Ra5 38. Nxb6 axb6 39. Rxb6 Kh7
40. g4 h5 41. h3 hxg4 42. hxg4 Rg5 43. Kg3 Rc5 44. Rd6 Ra5 45. e4 Kg6 46. Kf4
Re5 47. Rd5 Re7 48. f3 Rf7 49. Kg3 Ra7 50. e5 fxe5 51. Rxe5 Ra6 52. Re3 Rb6 53.
f4 Ra6 54. Rf3 Ra1 55. Kg2 Ra2+ 56. Rf2 Ra4 57. Kg3 Ra3+ 58. Kh4 Ra1 59. f5+
Kf7 60. Kg5 Ra6 61. Rb2 Ra7 62. Rb6 Rc7 63. Kh5 1-0

[Event "13sen.WMH 2003 Senioren"]
[Site "Bad Zwischenahn(17.11.-29.11.2003)"]
[Date "2003.11.29"]
[Round "11.111"]
[White "Boehm, Karl"]
[Black "Haupt, Joachim"]
[Result "1/2-1/2"]
[WhiteElo "1615"]
[BlackElo "1755"]
[PlyCount "24"]


1. d4 Nf6 2. Nf3 e6 3. c4 c5 4. e3 Be7 5. Nc3 d6 6. Be2 O-O 7. O-O a6 8. dxc5
dxc5 9. b3 Qxd1 10. Rxd1 Rd8 11. Bb2 b6 12. Ne5 Bb7 1/2-1/2

[Event "13sen.WMH 2003 Senioren"]
[Site "Bad Zwischenahn(17.11.-29.11.2003)"]
[Date "2003.11.29"]
[Round "11.112"]
[White "Barlo, Werner"]
[Black "Gensch, Manfred"]
[Result "1/2-1/2"]
[WhiteElo "1735"]
[BlackElo "1761"]
[PlyCount "32"]


1. e4 c5 2. Nf3 Nc6 3. Nc3 g6 4. d4 cxd4 5. Nxd4 Bg7 6. Be3 Nf6 7. Be2 O-O 8.
O-O d5 9. exd5 Nb4 10. f3 Nfxd5 11. Bf2 Nxc3 12. bxc3 Nd5 13. Qd2 Qa5 14. Nb3
Qd8 15. Rad1 Be6 16. Bd4 Nf6 1/2-1/2

[Event "13sen.WMH 2003 Senioren"]
[Site "Bad Zwischenahn(17.11.-29.11.2003)"]
[Date "2003.11.29"]
[Round "11.113"]
[White "Sarkosch, Nerssi,Dr."]
[Black "Samarian, Cornel"]
[Result "1/2-1/2"]
[WhiteElo "1646"]
[BlackElo "1592"]
[PlyCount "119"]


1. c4 c5 2. g3 Nc6 3. Bg2 g6 4. Nc3 Bg7 5. e4 Nf6 6. Nge2 O-O 7. O-O e5 8. d3
d6 9. Rb1 h6 10. h3 Ne8 11. Be3 a5 12. Nb5 Nd4 13. Nbc3 Bd7 14. f4 f6 15. g4
Nxe2+ 16. Nxe2 Qe7 17. f5 g5 18. Ng3 Rf7 19. Nh5 Bh8 20. b3 Rh7 21. Qd2 b6 22.
a3 Bc6 23. b4 axb4 24. axb4 Qc7 25. Qb2 Qd8 26. Rfd1 Rd7 27. b5 Bb7 28. Ra1
Rxa1 29. Rxa1 Qb8 30. Ra3 Rf7 31. Qa2 Rd7 32. Ng3 Kf8 33. Ne2 Nc7 34. Nc3 Rd8
35. Bf3 Bg7 36. h4 Kf7 37. h5 Bf8 38. Nd5 Nxd5 39. exd5 Be7 40. Be4 Rh8 41. Qh2
Bf8 42. Qa2 Be7 43. Bf2 Kg7 44. Qe2 Kf7 45. Kg2 Bf8 46. Bf3 Be7 47. d4 Bf8 48.
dxe5 dxe5 49. Qa2 Bd6 50. Be4 Re8 51. Kf3 Kf8 52. Be3 Re7 53. Kg3 Rh7 54. Kh3
Kg8 55. Ra7 Bf8 56. Ra3 Bd6 57. Qd2 Bf8 58. Ra1 Bd6 59. Bg2 Kh8 60. Be4 1/2-1/2

[Event "13sen.WMH 2003 Senioren"]
[Site "Bad Zwischenahn(17.11.-29.11.2003)"]
[Date "2003.11.29"]
[Round "11.114"]
[White "Fanenbruck, Guenter"]
[Black "Olberg, Gerhard"]
[Result "1/2-1/2"]
[WhiteElo "1593"]
[BlackElo "1630"]
[PlyCount "96"]


1. e4 c5 2. Nf3 Nc6 3. c3 Nf6 4. e5 Nd5 5. d4 cxd4 6. cxd4 e6 7. a3 Be7 8. Nc3
Nxc3 9. bxc3 d5 10. exd6 Bxd6 11. Bd3 Qc7 12. O-O Ne7 13. Bd2 Bd7 14. Qe2 Bc6
15. Bb5 Bxb5 16. Qxb5+ Qd7 17. Qxd7+ Kxd7 18. Rfb1 b6 19. a4 h6 20. Rb3 Rhc8
21. Rab1 Rc4 22. a5 Nd5 23. axb6 axb6 24. g3 Ra2 25. Kg2 g5 26. Be1 Rca4 27.
Nd2 Ra1 28. Ne4 Rxb1 29. Rxb1 Kc6 30. Nxd6 Kxd6 31. Kf3 f5 32. Ke2 Kc6 33. Kd3
b5 34. Bd2 Nf6 35. f3 Nd5 36. h3 Ra3 37. Kc2 Nb6 38. f4 Ra2+ 39. Rb2 Rxb2+ 40.
Kxb2 Nc4+ 41. Kc2 gxf4 42. Bxf4 h5 43. Kb3 Nb6 44. Be5 Nd5 45. h4 Ne7 46. Bf4
Ng6 47. Bg5 e5 48. dxe5 Nxe5 1/2-1/2

[Event "13sen.WMH 2003 Senioren"]
[Site "Bad Zwischenahn(17.11.-29.11.2003)"]
[Date "2003.11.29"]
[Round "11.115"]
[White "Voelkel, Gustav"]
[Black "Schuller, Erhard"]
[Result "1/2-1/2"]
[WhiteElo "1572"]
[BlackElo "1586"]
[PlyCount "75"]


1. d4 Nf6 2. Nf3 e6 3. e3 d5 4. Bd3 b6 5. Nbd2 Bb7 6. O-O c5 7. c3 cxd4 8. exd4
Be7 9. Re1 O-O 10. Ne5 g6 11. Qf3 Nc6 12. Ng4 Nxg4 13. Qxg4 Bc8 14. Qe2 Bd6 15.
Nf3 Bc7 16. Bg5 f6 17. Bd2 e5 18. dxe5 fxe5 19. Bb5 e4 20. Ng5 Qd6 21. g3 Bb7
22. Rad1 Qf6 23. Qf1 h6 24. Nh3 Kh7 25. Bf4 Bxf4 26. Nxf4 Ne7 27. Ne2 Rad8 28.
Nd4 Rd6 29. Rd2 Rfd8 30. Red1 Nf5 31. Nxf5 gxf5 32. Qe2 Qg5 33. Qe3 Qxe3 34.
fxe3 Kg6 35. Kf2 a6 36. Ba4 b5 37. Bb3 Kf6 38. Rd4 1/2-1/2

[Event "13sen.WMH 2003 Senioren"]
[Site "Bad Zwischenahn(17.11.-29.11.2003)"]
[Date "2003.11.29"]
[Round "11.116"]
[White "Rudolph, Joachim"]
[Black "Bergmann, Hans-Dieter"]
[Result "0-1"]
[WhiteElo "1653"]
[BlackElo "1595"]
[PlyCount "114"]


1. f4 c5 2. e3 Nf6 3. Nf3 g6 4. b3 Bg7 5. Bb2 d6 6. Be2 O-O 7. O-O Nc6 8. Qc1
Bf5 9. d3 Qc7 10. e4 Bg4 11. Nbd2 Bh6 12. h3 Bd7 13. Nh2 Nd4 14. Qd1 Nxe2+ 15.
Qxe2 Nh5 16. Rf3 Bxf4 17. Ndf1 e5 18. g3 Bh6 19. h4 Bg7 20. Ne3 Be6 21. c4 a6
22. Bc1 b5 23. Rb1 Rab8 24. Nd5 Bxd5 25. cxd5 c4 26. bxc4 bxc4 27. Rxb8 Rxb8
28. dxc4 Rb1 29. Qc2 Qc5+ 30. Kg2 Rb8 31. Ba3 Qd4 32. Rb3 Rd8 33. Qd3 Qa1 34.
Qb1 Qd4 35. Qd3 Qa7 36. Bc1 a5 37. Be3 Qd7 38. Rb5 a4 39. Qc2 a3 40. Ra5 Rb8
41. Rxa3 Qc7 42. Ra7 Qc8 43. Ra3 f5 44. exf5 gxf5 45. Rb3 Ra8 46. a4 Nf6 47.
Rb6 Nxd5 48. Rb3 Nxe3+ 49. Rxe3 Qc6+ 50. Kh3 Qc7 51. Kg2 Rxa4 52. Rb3 Ra8 53.
Qd3 Ra2+ 54. Kh3 f4 55. g4 Bf8 56. Qe4 Ra5 57. Rb7 d5 0-1

[Event "13sen.WMH 2003 Senioren"]
[Site "Bad Zwischenahn(17.11.-29.11.2003)"]
[Date "2003.11.29"]
[Round "11.117"]
[White "Daitche, Josef"]
[Black "Erdmann, Wolfgang"]
[Result "1-0"]
[WhiteElo "1649"]
[BlackElo "1538"]
[PlyCount "67"]


1. Nf3 d5 2. c4 c6 3. e3 Nf6 4. Nc3 e6 5. Qc2 Be7 6. Be2 O-O 7. O-O a6 8. d4
Nbd7 9. c5 Re8 10. b4 Nf8 11. Bd3 Bd7 12. Na4 Rb8 13. Nb6 h6 14. Ne5 Bc8 15. a4
N6d7 16. Nbxd7 Bxd7 17. f4 f5 18. Qe2 Bf6 19. Qh5 Bxe5 20. dxe5 Qe7 21. Bd2 Qf7
22. Qh3 Re7 23. Be2 Be8 24. Kh1 Kh7 25. Rg1 g6 26. Be1 Qg8 27. g4 Rg7 28. Bh4
Nd7 29. Bg5 Qh8 30. gxf5 gxf5 31. Qxh6+ Kg8 32. Qxe6+ Bf7 33. Qxd7 Rh7 34. Bf6+
1-0

[Event "13sen.WMH 2003 Senioren"]
[Site "Bad Zwischenahn(17.11.-29.11.2003)"]
[Date "2003.11.29"]
[Round "11.118"]
[White "Stock, Hugo"]
[Black "Steinbach, Horst"]
[Result "1-0"]
[WhiteElo "1614"]
[BlackElo "1497"]
[PlyCount "57"]


1. d4 Nf6 2. Nf3 d5 3. c4 e6 4. Nc3 Bb4 5. e3 dxc4 6. Bxc4 Bxc3+ 7. bxc3 O-O 8.
Qc2 b6 9. O-O Bb7 10. Ne5 Nbd7 11. Bd3 g6 12. f4 Nxe5 13. fxe5 Ng4 14. h3 Nh6
15. e4 Kg7 16. Rf6 Ng8 17. Bg5 h6 18. Rxg6+ fxg6 19. Bxd8 Raxd8 20. Bc4 Rf4 21.
Bd3 Rdf8 22. Rf1 g5 23. g3 Rf3 24. Kg2 Rxf1 25. Bxf1 Ne7 26. Bc4 Nf5 27. Qe2
Kf7 28. Kh2 Ng7 29. d5 1-0

[Event "13sen.WMH 2003 Senioren"]
[Site "Bad Zwischenahn(17.11.-29.11.2003)"]
[Date "2003.11.29"]
[Round "11.119"]
[White "Thonig, Manfred"]
[Black "Nopp, Josef"]
[Result "0-1"]
[WhiteElo "1538"]
[BlackElo "1638"]
[PlyCount "120"]


1. f4 d5 2. Nf3 Nf6 3. e3 Bg4 4. Be2 Bxf3 5. Bxf3 e6 6. b3 Nbd7 7. Bb2 Be7 8.
d3 O-O 9. Nd2 c6 10. O-O Ne8 11. c4 f5 12. a4 Bf6 13. d4 g6 14. Be2 Rf7 15. Nf3
h6 16. Ne5 Nxe5 17. dxe5 Be7 18. Qd2 g5 19. Bh5 Rf8 20. Qe2 g4 21. Bxg4 fxg4
22. Qxg4+ Ng7 23. Rf3 h5 24. Qg6 Qe8 25. Qg3 h4 26. Qh3 Rf5 27. Raf1 Qh5 28.
Bc3 Kf7 29. b4 Rg8 30. Kh1 Ne8 31. Be1 Qg4 32. Qxg4 Rxg4 33. h3 Rg8 34. Kh2 Rg6
35. Rg1 Ng7 36. g4 hxg3+ 37. Rgxg3 Rxg3 38. Kxg3 Rh5 39. Kg4 Rh6 40. h4 Rg6+
41. Kh3 Nf5 42. h5 Rg1 43. Bf2 Rg8 44. c5 a6 45. a5 Rg7 46. Bg3 Kg8 47. Bf2 Kh7
48. Kh2 Rg8 49. Rh3 Kh6 50. Kh1 Rg4 51. Kh2 Bh4 52. Bxh4 Rxh4 53. Rxh4 Nxh4 54.
Kg3 Kxh5 55. Kf2 Kg4 56. Ke2 Kf5 57. Kd3 Nf3 58. e4+ dxe4+ 59. Ke3 Ne1 60. Kd2
Nd3 0-1

[Event "13sen.WMH 2003 Senioren"]
[Site "Bad Zwischenahn(17.11.-29.11.2003)"]
[Date "2003.11.29"]
[Round "11.120"]
[White "Poschmann, Hans"]
[Black "Kaiser, Hans[35BGladb]"]
[Result "1-0"]
[WhiteElo "1533"]
[BlackElo "1583"]
[PlyCount "89"]


1. d4 c5 2. Nf3 cxd4 3. Nxd4 e5 4. Nf3 Nf6 5. Nc3 Nc6 6. e4 Bc5 7. Bd3 O-O 8.
O-O d6 9. a3 Bg4 10. Be2 Qd7 11. Rb1 a5 12. Qd3 h6 13. Bd2 Be6 14. Be3 Nd4 15.
Nxd4 exd4 16. Bxd4 Bxd4 17. Qxd4 Qc6 18. Bb5 Qc5 19. Qxc5 dxc5 20. Rbd1 Rfd8
21. f3 Kf8 22. Rxd8+ Rxd8 23. Rd1 Rc8 24. b3 Ke7 25. Na4 Rc7 26. Nb6 g5 27. Kf2
g4 28. Ke3 Ne8 29. Nd5+ Bxd5 30. Bxe8 Be6 31. Bb5 f5 32. e5 c4 33. b4 axb4 34.
axb4 Rc8 35. Ra1 gxf3 36. gxf3 Bd5 37. f4 Be4 38. c3 Bd3 39. Ra7 Rc7 40. Ra8
Kf7 41. Rd8 Kg7 42. Rd7+ Rxd7 43. Bxd7 Kf7 44. Kd4 Ke7 45. Bb5 1-0

[Event "13sen.WMH 2003 Senioren"]
[Site "Bad Zwischenahn(17.11.-29.11.2003)"]
[Date "2003.11.29"]
[Round "11.121"]
[White "Jessen, Ernst"]
[Black "Budde, Reinhard"]
[Result "1/2-1/2"]
[WhiteElo "1570"]
[BlackElo "1575"]
[PlyCount "53"]


1. e4 c5 2. b3 d6 3. Bb2 e5 4. Nc3 Nf6 5. Bc4 Be7 6. Nf3 h6 7. h3 O-O 8. O-O
Nbd7 9. Re1 a6 10. Nd5 Nxd5 11. Bxd5 Nf6 12. c4 Rb8 13. d3 b6 14. Nh2 Qc7 15.
Nf1 Nxd5 16. exd5 Bf5 17. Ne3 Bc8 18. Rf1 f5 19. f4 exf4 20. Rxf4 Bg5 21. Rf3
f4 22. Nf1 Bf5 23. Nd2 Rbe8 24. Nf1 Qe7 25. Bc1 Bh7 26. Bd2 Qe5 27. Rc1 1/2-1/2

[Event "13sen.WMH 2003 Senioren"]
[Site "Bad Zwischenahn(17.11.-29.11.2003)"]
[Date "2003.11.29"]
[Round "11.122"]
[White "Kunze, Manfred"]
[Black "Farin, Friedrich"]
[Result "1-0"]
[WhiteElo "1550"]
[BlackElo "1393"]
[PlyCount "77"]


1. c4 Nf6 2. Nc3 g6 3. Nf3 Bg7 4. e4 d6 5. d4 Bg4 6. Be2 O-O 7. O-O Nbd7 8. Qb3
b6 9. a4 a5 10. Re1 c6 11. Be3 c5 12. h3 Bxf3 13. Bxf3 cxd4 14. Bxd4 e5 15. Be3
Rb8 16. Qd1 Nc5 17. Bg5 h6 18. Be3 Rb7 19. Rb1 Rd7 20. b4 axb4 21. Rxb4 Ra7 22.
Qd2 Qb8 23. Rd1 Nfxe4 24. Bxe4 Nxe4 25. Nxe4 f5 26. Rxb6 Qc7 27. Qd5+ Kh7 28.
Rc6 Qa5 29. Bxa7 fxe4 30. Qxa5 e3 31. Bxe3 e4 32. Rdxd6 g5 33. Qd5 Re8 34. Qf7
Rf8 35. Qh5 Kg8 36. Qg6 Rf7 37. Rd8+ Rf8 38. Rcd6 Kh8 39. R6d7 1-0

[Event "13sen.WMH 2003 Senioren"]
[Site "Bad Zwischenahn(17.11.-29.11.2003)"]
[Date "2003.11.29"]
[Round "11.123"]
[White "Hippler, Hans-Werner"]
[Black "Stiemerling, Karl-Heinz"]
[Result "1/2-1/2"]
[WhiteElo "1456"]
[BlackElo "1623"]
[PlyCount "115"]


1. e4 c5 2. Bc4 e6 3. a3 Nc6 4. d3 Ne5 5. Ba2 b5 6. Nf3 d6 7. Nxe5 dxe5 8. O-O
Be7 9. Be3 Bb7 10. Nd2 Nf6 11. Nf3 Ng4 12. Qe2 O-O 13. h3 Nxe3 14. Qxe3 Qc7 15.
Rad1 a6 16. Bb1 Rad8 17. Rd2 h6 18. Qe2 b4 19. a4 a5 20. b3 Bd6 21. Rc1 f5 22.
c4 bxc3 23. Rxc3 f4 24. Rc1 Qf7 25. Rf1 Bc6 26. Bc2 g5 27. Nh2 Be8 28. Bd1 Kh7
29. f3 h5 30. Kh1 Rh8 31. Qf2 Qg7 32. Rg1 Rb8 33. Qe1 Be7 34. Re2 Rb4 35. g3
Rf8 36. g4 hxg4 37. hxg4 Qh6 38. Rgg2 Rh8 39. Kg1 Kg7 40. Qf2 Bc6 41. Bc2 Kf6
42. Bd1 Rhb8 43. Rb2 Qf8 44. Nf1 Qd8 45. Qd2 Qd4+ 46. Rf2 Rh8 47. Nh2 Bxa4 48.
bxa4 Rxb2 49. Qxb2 Qxd3 50. Qc2 Qd4 51. Kg2 Rd8 52. Be2 Qe3 53. Nf1 Qa3 54. Kg1
Qb4 55. Kg2 Qe1 56. Bd3 Rb8 57. Qe2 Qa1 58. Qa2 1/2-1/2

[Event "13sen.WMH 2003 Senioren"]
[Site "Bad Zwischenahn(17.11.-29.11.2003)"]
[Date "2003.11.29"]
[Round "11.125"]
[White "Luebbers, Doris,Dr."]
[Black "Grasmik, Waldemar"]
[Result "0-1"]
[WhiteElo "1308"]
[BlackElo "1506"]
[PlyCount "72"]


1. d4 d5 2. Nf3 Bg4 3. e3 c6 4. Be2 Nd7 5. b3 e6 6. Bb2 Bd6 7. O-O h5 8. Ne5
Ngf6 9. Nxg4 hxg4 10. g3 Rh7 11. Bxg4 Nxg4 12. Qxg4 Nf6 13. Qe2 Ne4 14. Nd2
Nxd2 15. Qxd2 Qf6 16. f3 Qh6 17. Rf2 Bxg3 18. Rg2 Bd6 19. Re1 Ke7 20. f4 a5 21.
c3 b5 22. Rc1 a4 23. Ra1 a3 24. Bc1 Rg8 25. Qe2 g5 26. Kh1 Rhg7 27. Bd2 f6 28.
Rf1 Qh7 29. Rff2 Qe4 30. Qf3 Qb1+ 31. Rf1 Qf5 32. Qe2 g4 33. Rg3 Qe4+ 34. Qg2
Qd3 35. Be1 f5 36. Qd2 Qxf1+ 0-1

[Event "13sen.WMH 2003 Senioren"]
[Site "Bad Zwischenahn(17.11.-29.11.2003)"]
[Date "2003.11.29"]
[Round "11.126"]
[White "Suess, Horst"]
[Black "Mueller, Hartmut Dieter"]
[Result "0-1"]
[WhiteElo "1301"]
[BlackElo "1425"]
[PlyCount "124"]


1. e4 c5 2. Nf3 Nc6 3. d4 cxd4 4. Nxd4 Nf6 5. Nxc6 bxc6 6. Nc3 e5 7. Bd3 Be7 8.
O-O O-O 9. Kh1 Bb7 10. f4 Qc7 11. fxe5 Qxe5 12. Bf4 Qa5 13. Ne2 Nh5 14. Bd2 Qc7
15. Nd4 Nf6 16. Nf5 Bd6 17. Nxd6 Qxd6 18. Bc3 Ne8 19. Qg4 Bc8 20. Rf4 Qe7 21.
Qg3 d6 22. Re1 f6 23. h4 Be6 24. a3 Bf7 25. Qf2 a6 26. Re3 Ra7 27. Rg3 Bh5 28.
Rf5 Bg6 29. Rf4 Qd8 30. Be2 Re7 31. Bf3 d5 32. h5 Bxe4 33. Bxe4 dxe4 34. Re3
Qd1+ 35. Re1 Qxh5+ 36. Rh4 Qd5 37. Re3 Rff7 38. Qe2 f5 39. Qxa6 Qd1+ 40. Re1
Qxc2 41. Qxc6 Qf2 42. Rh3 Qf4 43. Qc4 Qg5 44. Rhe3 Rd7 45. Bb4 Rc7 46. Qe6 Qd8
47. Ba5 Qc8 48. Qxc8 Rxc8 49. Rc3 Ra8 50. Bb6 Rd7 51. Be3 h6 52. Rec1 Kh7 53.
Rc6 Nf6 54. Bf4 Ng4 55. Kg1 Rad8 56. Rf1 e3 57. Rc2 Re8 58. Re2 g5 59. Bxg5
hxg5 60. Rxf5 Rd2 61. Kf1 Rd1+ 62. Re1 e2+ 0-1

[Event "13sen.WMH 2003 Senioren"]
[Site "Bad Zwischenahn(17.11.-29.11.2003)"]
[Date "2003.11.29"]
[Round "11.127"]
[White "Iken, Meindert"]
[Black "Girod, Gudrun"]
[Result "1-0"]
[WhiteElo "1476"]
[BlackElo "1398"]
[PlyCount "63"]


1. e4 e6 2. d4 d5 3. e5 Nd7 4. Nf3 c5 5. c3 cxd4 6. Qxd4 Bc5 7. Qg4 Bf8 8. Bb5
a6 9. Bd3 Nc5 10. Bc2 Bd7 11. O-O Bc6 12. Nd4 Ne7 13. Re1 Qc7 14. Nd2 O-O-O 15.
N2f3 h6 16. Qh3 Bd7 17. Ng5 Be8 18. b4 Nd7 19. b5 Nc5 20. a4 Ng6 21. Bxg6 fxg6
22. Ngxe6 Bd7 23. Nxc7 Bxh3 24. b6 Bf5 25. e6 Be7 26. a5 Ne4 27. Ba3 Nd6 28.
Re5 Bf6 29. Rxd5 Bxd4 30. Rxd4 Nb5 31. Rxd8+ Rxd8 32. e7 1-0